| 000 | 00398nam a2200145 a 4500 | ||
|---|---|---|---|
| 005 | 20140412111423.0 | ||
| 008 | 080124s19uu xx 00 eng d | ||
| 020 | _a1-9043-5120-4 | ||
| 050 |
_aER _bAd19 1997 |
||
| 100 | _aAdamson, Jean and Gareth | ||
| 245 |
_aTopsy + Tim : _cJean and Gareth Adamson. _bat the farm / |
||
| 260 |
_aItaly : _bLadybird. |
||
| 650 | _aFarm animals | ||
| 999 |
_c106115 _d106115 |
||